Statistics for Top 10 Most Athletic NBA Players (2012-2013)

Click here to take the quiz!

General Stats

  • This quiz has been taken 803 times
  • The average score is 4 of 10

Answer Stats

RankPlayer% Correct
1LeBron James
95%
3Russell Westbrook
68%
4Derrick Rose
57%
8Dwyane Wade
55%
5Dwight Howard
42%
2Blake Griffin
40%
7Gerald Green
17%
10Josh Smith
13%
6Andre Iguodala
10%
9Rudy Gay
6%

Score Distribution

Percentile by Number Answered

Percent of People with Each Score

Your Score History

You have not taken this quiz